MARC

LEADER 00000nam0a2200000 4500
001 335316
005 20231102004737.0
035 |a (RuTPU)RU\TPU\book\361681 
090 |a 335316 
100 |a 20170920d1969 k y0rusy50 ca 
101 0 |a rus 
102 |a RU 
105 |a a z 001zy 
200 1 |a Инфракрасные спектры производных бенз-2, 1, 3-тиадиазола  |f В. С. Коробков, В. Г. Песин, Л. П. Зубанова  |g Академия наук СССР, Сибирское отделение, Институт физики им. Л. В. Киренского 
210 |a Москва  |c Наука  |d 1969 
215 |a 152 с. 
320 |9 572  |a Библиогр.: с. 150-151 
606 1 |a Гетероциклические соединения  |x Спектры  |2 stltpush  |3 (RuTPU)RU\TPU\subj\76701  |9 87608 
610 1 |a органическая химия 
610 1 |a инфракрасные спектры 
610 1 |a молекулярные структуры 
610 1 |a колебательные спектры 
610 1 |a химические свойства 
610 1 |a атласы 
675 |a 547.7  |v 4 
700 1 |a Коробков  |b В. С.  |g Владимир Сергеевич 
701 1 |a Песин  |b В. Г.  |g Владимир Григорьевич 
701 1 |a Зубанова  |b Л. П.  |g Лидия Петровна 
712 0 2 |a Академия наук СССР  |b Сибирское отделение  |b Институт физики им. Л. В. Киренского  |c (Красноярск)  |2 stltpush  |3 (RuTPU)RU\TPU\col\11386  |9 25081 
801 1 |a RU  |b 63413507  |c 20170920 
801 2 |a RU  |b 63413507  |c 20201029  |g RCR 
942 |c BK